States and markets (Record no. 1715165)

MARC details
000 -LEADER
fixed length control field 00527nam a22001937a 4500
005 - DATE AND TIME OF LATEST TRANSACTION
control field 20260312100931.0
008 - FIXED-LENGTH DATA ELEMENTS--GENERAL INFORMATION
fixed length control field 260312b |||||||| |||| 00| 0 eng d
037 ## - SOURCE OF ACQUISITION
Terms of availability DSWL
040 ## - CATALOGING SOURCE
Original cataloging agency DSWL
Transcribing agency DSWL
041 ## - LANGUAGE CODE
Language code of original eng
084 ## - COLON CLASSIFICATION NUMBER
Classification number Y0aW.1 Q5
100 ## - MAIN ENTRY--PERSONAL NAME
Personal name Strange, Susan
9 (RLIN) 1109155
245 ## - TITLE STATEMENT
Title States and markets
260 ## - PUBLICATION, DISTRIBUTION, ETC.
Place of publication, distribution, etc. London UK,
Name of publisher, distributor, etc. Bloomsbury Academy,
Date of publication, distribution, etc. 2015
300 ## - PHYSICAL DESCRIPTION
Extent 288p
365 ## - TRADE PRICE
Price type code INR
Price amount 599
942 ## - ADDED ENTRY ELEMENTS (KOHA)
Source of classification or shelving scheme Colon Classification (CC)
Koha item type Textual
Classification part Y0aW.1 Q5
Suppress in OPAC No
Holdings
Withdrawn status Lost status Source of classification or shelving scheme Damaged status Not for loan Home library Current library Date acquired Source of acquisition Cost, normal purchase price Inventory number Total Checkouts Full call number Barcode Date last seen Price effective from Koha item type
    Colon Classification (CC)     Department of Social Work Library Department of Social Work Library 2016-03-18 Index International 599.00 Index//170/2015-16/18.03.16   Y0aW.1 Q5 SW0032069 2026-03-12 2026-03-12 Textual
Copyright @ Delhi University Library System